| 000 | 01440nas a2200229 a 4500 | ||
|---|---|---|---|
| 008 | 120918c20039999||||||||||||||||| || u | ||
| 050 | _aTX 341 Foo | ||
| 110 | _aUnited Nations Food and Agriculture Organisation (FAO) | ||
| 245 | 1 | 0 |
_aFood, nutrition and agriculture. _cby Food and Agriculture Organization |
| 260 |
_aRome _bUnited Nations Food and Agriculture Organisation (FAO) _c2003 |
||
| 300 | _avarious pagings | ||
| 362 | 1 | _a<p>30, 2002; 31,2002; 32, 2003; 33, 2003</p> | |
| 500 | _aOrange Trunk Library Collection (WHO). | ||
| 650 | _aNUTRITION--PERIODICALS | ||
| 650 | _aAGRICULTURE--PERIODICALS | ||
| 650 | _aFOOD SUPPLY--PERIODICALS | ||
| 650 | 0 | _aNUTRITION | |
| 995 |
_aMEDICAL LIBRARY OPEN ACCESS _e901866 _FCBU-SCHOOL OF MEDICINE LIBRARY (Ndola) _jOTL TX 341 Foo (BOX 2) _M1 _UAVAILABLE _WOct 25, 2012 _y901866 _ZMedical Library Open Access Collection |
||
| 995 |
_aMEDICAL LIBRARY OPEN ACCESS _e901868 _FCBU-SCHOOL OF MEDICINE LIBRARY (Ndola) _jOTL TX 341 Foo (BOX 2) _M2 _UAVAILABLE _WOct 25, 2012 _y901868 _ZMedical Library Open Access Collection |
||
| 995 |
_aMEDICAL LIBRARY OPEN ACCESS _e901867 _FCBU-SCHOOL OF MEDICINE LIBRARY (Ndola) _jOTL TX 341 Foo (BOX 2) _M1 _UAVAILABLE _WOct 25, 2012 _y901867 _ZMedical Library Open Access Collection |
||
| 995 |
_aMEDICAL LIBRARY OPEN ACCESS _e901884 _FCBU-SCHOOL OF MEDICINE LIBRARY (Ndola) _jOTL TX 341 Foo (BOX 2) _M3 _UAVAILABLE _WOct 31, 2012 _y901884 _ZMedical Library Open Access Collection |
||
| 999 |
_c63870 _d63870 |
||